Documentos referentes á la reduccion de infieles é inmigracion en las provincias de Cagayan y la Isabela / (Record no. 162583)

MARC details
000 -LEADER
campo de control de longitud fija 00976nam a22001935i 4500
001 - NÚMERO DE CONTROL
campo de control 162583
003 - IDENTIFICADOR DE NÚMERO DE CONTROL
campo de control ES-MaACL
005 - FECHA Y HORA DE LA ÚLTIMA TRANSACCIÓN
campo de control 20230906212547.0
008 - DATOS DE LONGITUD FIJA--INFORMACIÓN GENERAL
campo de control de longitud fija 011102s1881 phl |||| | spa d
040 ## - FUENTE DE CATALOGACIÓN
Centro catalogador/agencia de origen CCPB | B
Lengua de catalogación spa
Centro/agencia transcriptor CCPB | B
100 1# - ENTRADA PRINCIPAL--NOMBRE DE PERSONA
Nombre de persona Primo de Rivera y Sobremonte, Fernando,
Títulos y otros términos asociados al nombre Marqués de Estella,
Fechas asociadas al nombre 1831-1921
9 (RLIN) 93972
245 10 - MENCIÓN DEL TÍTULO
Título Documentos referentes á la reduccion de infieles é inmigracion en las provincias de Cagayan y la Isabela /
Mención de responsabilidad, etc. dictados como primeras disposiciones adoptadas por Fernando Primo de Rivera ... con motivo de su visita a las del Norte de Luzon.
260 ## - PUBLICACIÓN, DISTRIBUCIÓN, ETC.
Lugar de publicación, distribución, etc. Manila :
Nombre del editor, distribuidor, etc. [s.n.],
Fecha de publicación, distribución, etc. 1881 (
Fabricante establecimiento tipográfico del Colegio de Santo Tomás)
300 ## - DESCRIPCIÓN FÍSICA
Extensión 87 p. ;
Dimensiones 21 cm.
500 ## - NOTA GENERAL
Nota general En port.: "Coleccionados por la Provincia del Santísimo Rosario de Filipinas de la Órden de Predicadores"
651 #4 - PUNTO DE ACCESO ADICIONAL DE MATERIA--NOMBRE GEOGRÁFICO
Nombre geográfico Filipinas-
Subdivisión general Política y gobierno.
9 (RLIN) 137154
852 ## - LOCALIZACIÓN
Ubicación ES-MaACL
Número de control de estantería G-3641
Nota libre -- Enc. hol.
Holdings
Estatus retirado Estado de pérdida Estado de daño No para préstamo Colección Biblioteca de origen Biblioteca actual Ubicación en estantería Fecha de adquisición Fuente de adquisición Total de préstamos Signatura topográfica completa Código de barras Visto por última vez Precio de reemplazo Tipo de ítem Koha
        Libros del s. XIX Biblioteca del Ateneo de Madrid Biblioteca del Ateneo de Madrid Depósito 2 17/01/2008     G-3641 1170327 23/02/2023 23/02/2023 Libro impreso antiguo